| Tag |
First Indicator |
Second Indicator |
Subfields |
| LEADER |
00000cam a2200000 i 4500 |
| 001 |
in00000988621 |
| 005 |
20150927154058.0 |
| 007 |
he am||||b||| |
| 008 |
810625r19791910ncu b s00110 eng d |
| 035 |
|
|
|a (OCoLC)07528678
|
| 035 |
|
|
|9 AEY0923AM
|
| 037 |
|
|
|a CL0086000001
|b University Microfilms International
|
| 037 |
|
|
|b University Microfilms International, 300 N. Zeeb Road, Ann Arbor, MI 48106
|
| 040 |
|
|
|a PHA
|c PHA
|d GLZ
|d OCL
|d UMI
|d TXA
|d UtOrBLW
|
| 043 |
|
|
|a n-us-nc
|
| 049 |
|
|
|a TXAI
|
| 099 |
|
|
|a fiche
|a C
|a 13242
|
| 110 |
1 |
|
|a North Carolina.
|b Secretary of State.
|
| 245 |
1 |
0 |
|a Abstract of North Carolina wills compiled from original and recorded wills in the office of the secretary of state /
|c by J. Bryan Grimes, secretary of state.
|
| 264 |
|
1 |
|a Raleigh :
|b E.M. Uzzell,
|c 1910.
|
| 300 |
|
|
|a vii, 670 pages ;
|c 24 cm.
|
| 336 |
|
|
|a text
|b txt
|2 rdacontent
|
| 337 |
|
|
|a microform
|b h
|2 rdamedia
|
| 338 |
|
|
|a microfiche
|b he
|2 rdacarrier
|
| 533 |
|
|
|a Microfiche.
|b Sanford, N.C. :
|c Microfilming Corporation of America,
|d [1979]
|e 8 microfiches ; 11 x 15 cm.
|f (Genealogy and local history ; PS 229)
|
| 500 |
|
|
|a "Pubished under authority of the trustees of the public libraries."
|
| 500 |
|
|
|a Supplement: pages [427]-428.
|
| 500 |
|
|
|a Index: pages [429]-637.
|
| 500 |
|
|
|a Index to will books: pages [639]-670.
|
| 504 |
|
|
|a Includes bibliographical references.
|
| 500 |
|
|
|a Microform.
|
| 650 |
|
0 |
|a Wills
|z North Carolina.
|
| 651 |
|
0 |
|a North Carolina
|v Genealogy.
|
| 700 |
1 |
|
|a Grimes, J. Bryan
|q (John Bryan),
|d 1868-1923.
|
| 710 |
1 |
|
|a North Carolina.
|b Trustees of the Public Libraries.
|
| 830 |
|
0 |
|a Genealogy and local history ;
|v PS 229.
|
| 999 |
|
|
|a MARS
|
| 999 |
f |
f |
|s b0bca448-04ff-3dc7-8cb6-873b9f3c2289
|i 0f1f4bf5-76ba-365d-89cf-a97943584bee
|t 0
|
| 952 |
f |
f |
|p default
|a Texas A&M University
|b College Station
|c Sterling C. Evans Library
|d Evans: Microforms (3rd floor)
|t 0
|e fiche C 13242
|h Other scheme
|i microform -- microfiche
|
| 998 |
f |
f |
|a fiche C 13242
|t 0
|l Evans: Microforms (3rd floor)
|